00643nam a22001937a 4500003000500000005001700005008004100022010001000063011001000073035001000083040000900093100002800102245012500130260003600255300002000291502009300311650002600404650001900430CHAP20220329135338.0971013s1983 r 00010 d a34767 a35739 a39856 cCHAP00aOliva Rivera, Héctor. aContribución al conocimiento de la familia loranthaceae del centro de Veracruz y zona límite con el estado de Puebla aXalapa, Ver. :bEl autor,c1983 a104 h.b: ilus. aTesis (Lic. en Biología) -- Universidad Veracruzana. Facultad de Ciencias Biológicas14aBotánicaxVeracruz.14aLorantáceas.